How to improve construction-based PFI (Record no. 74213)
[ view plain ]
| 000 -LEADER | |
|---|---|
| fixed length control field | 00897cab a2200193 4500 |
| 001 - CONTROL NUMBER | |
| control field | ABS67484 |
| 008 - FIXED-LENGTH DATA ELEMENTS--GENERAL INFORMATION | |
| fixed length control field | 040302n2004 000 0 eng u |
| 035 ## - SYSTEM CONTROL NUMBER | |
| System control number | (Sirsi) u125298 |
| 110 ## - MAIN ENTRY--CORPORATE NAME | |
| Corporate name or jurisdiction name as entry element | CIC Public Sector Procurement Panel |
| 9 (RLIN) | 4590 |
| 245 ## - TITLE STATEMENT | |
| Title | How to improve construction-based PFI |
| 260 ## - PUBLICATION, DISTRIBUTION, ETC. | |
| Date of publication, distribution, etc. | 2004 |
| 490 ## - SERIES STATEMENT | |
| Series statement | Civil Engineering Surveyor |
| Volume/sequential designation | February 2004, 24-26(3) |
| 520 ## - SUMMARY, ETC. | |
| Summary, etc. | Paper presented at a CIC Public Sector Procurement Panel seminar looked at ways in which the PFI process and the product can be improved. It includes an evaluation of the recent performance of PFI projects and summarises discussion sessions involving SMEs in PFI and ways to improve the design process. More details are available from the Panel's secretary Jobran Hammoud at [email protected]. |
| 590 ## - LOCAL NOTE (RLIN) | |
| Local note | ABS |
| 650 ## - SUBJECT ADDED ENTRY--TOPICAL TERM | |
| Topical term or geographic name entry element | PFI PROJECTS |
| 650 ## - SUBJECT ADDED ENTRY--TOPICAL TERM | |
| Topical term or geographic name entry element | SMES |
| 690 ## - LOCAL SUBJECT ADDED ENTRY--TOPICAL TERM (OCLC, RLIN) | |
| Topical term or geographic name as entry element | Procurement |
| 9 (RLIN) | 6260 |
| 942 ## - ADDED ENTRY ELEMENTS (KOHA) | |
| Suppress in OPAC | 0 |
| Withdrawn status | Lost status | Source of classification or shelving scheme | Damaged status | Not for loan | Home library | Current library | Shelving location | Date acquired | Total Checkouts | Full call number | Barcode | Date last seen | Copy number | Price effective from | Koha item type |
|---|---|---|---|---|---|---|---|---|---|---|---|---|---|---|---|
| Dewey Decimal Classification | London | London | Journal article | 02/03/2004 | ABS67484 | 125298-1001 | 06/08/2019 | 1 | 06/08/2019 | Journal article |